Rédemption (Record no. 157517)

MARC details
000 -LEADER
campo de control de longitud fija 00936nam a2200229 i 4500
001 - NÚMERO DE CONTROL
campo de control 157517
003 - IDENTIFICADOR DE NÚMERO DE CONTROL
campo de control ES-MaACL
005 - FECHA Y HORA DE LA ÚLTIMA TRANSACCIÓN
campo de control 20231103062535.0
008 - DATOS DE LONGITUD FIJA--INFORMACIÓN GENERAL
campo de control de longitud fija 040811q18801900fr a |||| | fre d
040 ## - FUENTE DE CATALOGACIÓN
Centro catalogador/agencia de origen CAM
Lengua de catalogación spa
Centro/agencia transcriptor CAM
100 1# - ENTRADA PRINCIPAL--NOMBRE DE PERSONA
Nombre de persona Lenôtre, G.
9 (RLIN) 71542
245 10 - MENCIÓN DEL TÍTULO
Título Rédemption
Resto del título : histoire du temps de l'Empire /
Mención de responsabilidad, etc. G. Lenotre; illustrations de Pierre Vidal.
260 ## - PUBLICACIÓN, DISTRIBUCIÓN, ETC.
Lugar de publicación, distribución, etc. Paris :
Nombre del editor, distribuidor, etc. Monde Illustre,
Fecha de publicación, distribución, etc. [s.a.]
300 ## - DESCRIPCIÓN FÍSICA
Extensión 156 p. :
Otras características físicas il. ;
Dimensiones 30 cm.
596 ## - NOTA AL PIE DE IMPRENTA
NOTA AL PIE DE IMPRENTA Probablemente fechado en las últimas décadas del siglo XIX.
596 ## - NOTA AL PIE DE IMPRENTA
NOTA AL PIE DE IMPRENTA Al pie de páginas consta el nº de suplemente de Le Monde Illustré con el que fue ed. cada fascículo de la obra: nº 1931 a 1956.
599 ## - NOTA A LAS ILUSTRACIONES
NOTA A LAS ILUSTRACIONES La il. a color: "SGAP sc."
651 #4 - PUNTO DE ACCESO ADICIONAL DE MATERIA--NOMBRE GEOGRÁFICO
Nombre geográfico Francia-
Subdivisión general Historia-
Subdivisión cronológica 1789-1799, Revolución
9 (RLIN) 8685
700 0# - ENTRADA AGREGADA--NOMBRE PERSONAL
Nombre de persona Vidal, Pierre.
9 (RLIN) 114455
852 ## - LOCALIZACIÓN
Ubicación ES-MaACL
Número de control de estantería T-779-F-1
Nota libre -- Enc. hol.
-- -- Enc. en un vol. facticio
Holdings
Estatus retirado Estado de pérdida Estado de daño No para préstamo Colección Biblioteca de origen Biblioteca actual Ubicación en estantería Fecha de adquisición Total de préstamos Signatura topográfica completa Código de barras Visto por última vez Precio de reemplazo Tipo de ítem Koha
        Colección de folletos Biblioteca del Ateneo de Madrid Biblioteca del Ateneo de Madrid Depósito folletos 17/01/2008   T-779-F-1 1164836 23/02/2023 23/02/2023 Folleto